| LEADER | 00479cam a2200169 7i4500 | ||
|---|---|---|---|
| 001 | 0000003715 | ||
| 005 | 19991025090000.0 | ||
| 002 | ##000005105 | ||
| 020 | 0 | 0 | |a 967-947-125-X# |
| 090 | 0 | 0 | |a M 636.08 |b TAN |
| 100 | 0 | 0 | |a Tan Siew Hoey |
| 245 | 0 | 0 | |a Livestock policy and production in Malaysia |c Tan Siew Hoey. |
| 260 | 0 | 0 | |a Kuala Lumpur: |b ISIS Malaysia, |c 1991. |
| 300 | 0 | 0 | |a 26 p.. |
| 650 | 0 | 0 | |a Livestock |
| 651 | 0 | 0 | |a Malaysia |
| 999 | |a 0000005614 |b Book |c Open shelf |e Business Information Centre | ||


